| 000 | 00346nam a2200133Ia 4500 | ||
|---|---|---|---|
| 008 | 210210b1900 xxu||||| |||| 00| 0 eng d | ||
| 082 | _a110/132 | ||
| 100 | _aTRINE (Ralph Waldo). | ||
| 245 | _aCharacter building thought power. | ||
| 260 |
_aNew York _bThomas Y Crowell company _c1900 |
||
| 300 | _a51 | ||
| 690 | _aPhilosophy | ||
| 906 | _a000925 | ||
| 999 |
_c77440 _d77440 |
||